Films avec Jean Gabin par image (vol.2) - Statistiques

Statistiques générales
  • Ce quiz a été pris 45 fois
  • Le résultat moyen est 7 sur 16
Statistiques - réponses
Par images Réponse % Correct
L'Affaire Dominici
75%
La Horse
69%
Le Jour se lève
56%
Le Cave se rebiffe
53%
Razzia sur la chnouf
50%
Pepe le Moko
47%
Le Gentleman d'Epsom
44%
La Grande illusion
42%
Les Grandes familles
39%
Gas-oil
36%
L'Âge ingrat
36%
La Bandera
33%
Le Jardinier d'Argenteuil
31%
Le Tonnerre de Dieu
28%
Golgotha
25%
Voici le temps des assassins
25%
Aucun quiz correspondant
Distribution des résultats
% des personnes avec chaque résultat
Percentile par nombre de réponses
Votre historique - résultats
Vous n’avez pas pris ce quiz